| 000 | 00485nam a2200193Ia 4500 | ||
|---|---|---|---|
| 003 | GCL | ||
| 008 | 140319s9999 xx 000 0 eng d | ||
| 040 |
_aGCL / _cGCL |
||
| 082 | 0 | 4 |
_a658.3125 _bC E |
| 100 | 1 | _aCOSTELLO, SHEILA J. | |
| 245 | 1 | 0 |
_aEFFECTIVE PERFORMANCE MANGMENT / _cCOSTELLO, SHEILA J. |
| 260 |
_a[S.N] : _bBUSNESS ONE INWIN |
||
| 300 | _a122 P | ||
| 650 | 0 | 4 | _aEMPLOYEES |
| 650 | 0 | 4 | _aMANAGEMENT |
| 650 | 0 | 4 | _aBUSINESS |
| 650 | 0 | 4 | _aPERFORMANCE |
| 942 |
_2ddc _cBK |
||
| 999 |
_c20079 _d20079 |
||